The European Union politics and policies (Registro nro. 92537)
[ vista simple ]
| 000 -ENCABEZADO | |
|---|---|
| Número de control [NR] | 01240nam a22002297a 4500 |
| 008 - DE LONGITUD FIJA DE DATOS DE ELEMENTOS - INFORMACIÓN GENERAL | |
| Elementos de longitud fija [NR] | 130821s2008 xxu gr eng |
| 020 ## - NUMERO INTERNACIONAL NORMALIZADO PARA LIBROS [R] | |
| Número Internacional Normalizado del libro [NR] | 0813343763 |
| 020 ## - NUMERO INTERNACIONAL NORMALIZADO PARA LIBROS [R] | |
| Número Internacional Normalizado del libro [NR] | 9780813343761 |
| 040 ## - FUENTE DE CATALOGACION [NR] | |
| Agencia de catalogación original [NR] | Co-BoUCM |
| Idioma de catalogación [NR] | spa |
| 041 00 - CODIGO DE IDIOMA [R] | |
| Código de idioma para texto/pista de sonido o título separado [R] | Inglés |
| 100 1# - ASIENTO PRINCIPAL--NOMBRE PERSONAL [NR] | |
| Nombre personal [NR] | McCormick, John |
| Fechas asociadas con el nombre [NR] | 1954- |
| ID Autoridad | 151767 |
| 245 14 - MENCION DE TITULO [NR] | |
| Título [NR] | The European Union politics and policies |
| Mención de responsabilidad, etc. [NR] | John McCormick. |
| 250 ## - MENCION DE EDICION [NR] | |
| Mención de edición [NR] | 4th ed. |
| 260 ## - PUBLICACION, DISTRIBUCION, ETC. (PIE DE IMPRENTA) [R] | |
| Lugar de publicación, distribución, etc. [R] | Boulder (Colorado, Estados Unidos) |
| Nombre del editor, distribuidor, etc. [R] | Westview Press |
| Fecha de publicación, distribución, etc. [R] | 2008 |
| 300 ## - DESCRIPCION FISICA [R] | |
| Extensión [R] | 417 páginas |
| 504 ## - NOTA DE BIBLIOGRAFIA, ETC. [R] | |
| Nota de bibliografía, etc. [NR] | |
| 505 0# - NOTA DE CONTENIDO CON FORMATO PREESTABLECIDO [R] | |
| Nota de contenido con formato preestablecido [NR] | What is the European Union? . -- Origins : the postwar world . -- Emergence : the road from Paris . -- Consolidation : to the Euro and beyond . -- The European Commission . -- The Council of Ministers . -- The European Parliament . -- The European Court of Justice . -- The European Council and specialized agencies . -- Representing interests . -- Public policy in the EU . -- Economic policy . -- Agricultural and environmental policy . -- Cohesion policy . -- Foreign policy . -- The EU and the United States. |
| 650 04 - ASIENTO SECUNDARIO DE MATERIA - TERMINO TEMATICO [R] | |
| Término temático o nombre geográfico como elemento de entrada [NR] | Derecho internacional |
| 9 (RLIN) | 12776 |
| 651 20 - ASIENTO SECUNDARIO DE MATERIA - NOMBRE GEOGRAFICO [R] | |
| Nombre geográfico [NR] | Unión Europea |
| 9 (RLIN) | 27381 |
| 942 ## - ELEMENTOS DE ENTRADA AGREGADOS (KOHA) | |
| Tipo de ítem principal el descrito en 300a | Libro |
| Tema principal | Derecho |
| Edición | 4 |
| Parte restante de la signatura top. | M131e |
| Sistema de clasificación | DEWEY |
| Clasificación | 341.2422 |
| Fecha de último préstamo | Total préstamos | Total Renewals | Signatura topográfica | Código de barras | Última vez visto | Volúmen / Fascículo | Ejemplar | Price effective from | Tipo de ítem | Perdido | Sistema de clasificación | Dañado | No prestable | Tipo de ítem específico | Suprimido | Ubicación habitual | Ubicación actual | Localización | Fecha de creación | Forma de adquisición | Costo |
|---|---|---|---|---|---|---|---|---|---|---|---|---|---|---|---|---|---|---|---|---|---|
| 16/08/2019 | 65 | 6 | 341.2422 M131e | 100093379 | 04/12/2025 | 4a. Ed. | Ej.1 | 03/02/2013 | Libro | DEWEY | Libro | Claustro | Claustro | 3er piso | 28/02/2013 | Compra | 82500.00 |